Subdivision capitals closest to Tampere (FI) - Statistics

General Stats
  • This quiz has been taken 56 times
  • The average score is 11 of 20
Answer Stats
Distance (km) Answer % Correct
7 161 Helsinki
98%
4 132 Jyväskylä
83%
5 143 Turku
83%
1 67 Hämeenlinna
80%
2 105 Pori
76%
3 117 Lahti
66%
13 242 Lappeenranta
61%
14 255 Kuopio
59%
9 187 Mikkeli
59%
11 209 Vaasa
59%
8 173 Kouvola
56%
6 151 Seinäjoki
56%
12 236 Tallinn
54%
10 207 Kotka
51%
16 262 Kokkola
46%
15 259 Marienhamn/Maarianhamina
39%
20 284 Haapsalu
17%
17 279 Rakvere
7%
18 283 Rapla
5%
19 283 Kärdla
2%
No matching quizzes found
Score Distribution
Percent of People with Each Score
Percentile by Number Answered
Your Score History
You have not taken this quiz